000
00358nam a2200169Ia 4500
003
LK-CoDNM
008
010623t xxu||||| |||| 00| 1 eng d
040
_a
LK-CoDNM
_d
LK-CoDNM
_e
LK-CoDNM
041
_a
eng
080
_a
24 G 15
100
_a
Turnour
245
_a
Tooth Relic
260
_b
?
300
_b
13p., 21 cm
650
_a
Buddhism
942
_c
BK
999
_c
136698
_d
136698